Dlouhý boj : IRA & Sinn Féin : od ozbrojeného boje k mírovým rozhovorům /

Hlavní autor: O'Brien, Brendan
Další autoři: Poláčková, Andrea, 1967-
Jazyk: Čeština
Vydáno: Brno : Zvláštní vydání..., 2003
Témata:
Externí odkaz: Digitalizovaný dokument
Fyzický popis: 407 s., [16] s. obr. příl. : il., mapy, portréty, faksim. ; 21 cm
Knihy
Uloženo v:
LEADER 01880nam a2200445 a 4500
001 000708620
003 CZ BrMZK
005 20090615100007.0
007 ta
008 040316s2003 xr abcfe 000 0dcze d
015 |a cnb001304398 
020 |a 80-85436-76-0  |q (brož.) 
035 |a (OCoLC)85095801 
040 |a ULG001  |b cze  |d BOA001 
041 1 |a cze  |h eng 
043 |a e-ie---  |a e-uk-ni 
072 7 |a 329  |x Politické strany a hnutí  |2 Konspekt  |9 15 
080 |a 329.13:323.28  |2 MRF 
080 |a 328/329  |2 MRF 
080 |a (417)  |2 MRF 
080 |a (410.7)  |2 MRF 
080 |a (048.8)  |2 MRF 
100 1 |a O'Brien, Brendan  |7 xx0017809  |4 aut 
245 1 0 |a Dlouhý boj :  |b IRA & Sinn Féin : od ozbrojeného boje k mírovým rozhovorům /  |c Brendan O'Brian [i.e. O'Brien] ; [z anglického originálu ... přeložila Andrea Poláčková] 
260 |a Brno :  |b Zvláštní vydání...,  |c 2003 
300 |a 407 s., [16] s. obr. příl. :  |b il., mapy, portréty, faksim. ;  |c 21 cm 
500 |a Terminologický slovník 
500 |a Dostupné též v digitální podobě v aplikaci Kramerius 
650 0 7 |a teroristické organizace  |7 ph208687  |z Irsko  |x dějiny  |2 czenas 
655 7 |a přehledy  |7 fd133202  |2 czenas 
610 2 7 |a Irish Republican Army  |7 mzk2004228364  |2 czenas 
651 7 |a Irsko  |7 ge130752  |x politika a vláda  |y 20. stol.  |2 czenas 
651 7 |a Severní Irsko  |7 ge118492  |x politika a vláda  |y 1969-1994  |2 czenas 
651 7 |a Severní Irsko  |7 ge118492  |x politika a vláda  |y 1994-  |2 czenas 
700 1 |a Poláčková, Andrea,  |d 1967-  |7 jx20040130028  |4 trl 
765 0 |t <<The >>long war  |9 Česky 
856 4 1 |u http://www.digitalniknihovna.cz/mzk/uuid/uuid:321986b0-813d-11e5-a715-005056827e52  |y Digitalizovaný dokument  |x NDK 
910 |a BOA001  |b 2-1130.701 
990 |a BK 
996 6 |b 2610215245  |c 2-1130.701  |l MZK  |r Sklad / do 1 hodiny  |n 1  |p kup  |w 000708620  |u 000010  |a 1  |e BOA001  |j MZK50  |s P